Normal view MARC view
  • Haining, Peter.

Entry Personal Name

Number of records used in: 2

001 - CONTROL NUMBER

  • control field: 12219

003 - CONTROL NUMBER IDENTIFIER

  • control field: NUST

005 - DATE AND TIME OF LATEST TRANSACTION

  • control field: 20180801070022.0

008 - FIXED-LENGTH DATA ELEMENTS

  • fixed length control field: 180801|| aca||aabn | a|a d

040 ## - CATALOGING SOURCE

  • Original cataloging agency: NUST
  • Transcribing agency: NUST

100 ## - HEADING--PERSONAL NAME

  • Personal name: Haining, Peter.

670 ## - SOURCE DATA FOUND

  • Source citation: Work cat.: (NUST)174578: Dickens, Charles, 1812-1870. 12180, The complete ghost stories of Charles Dickens /, 1997
© 2023 Central Library, National University of Sciences and Technology. All Rights Reserved.